LEADER 01005cam0 22002413 450 001 SOB0000001449 005 20230726094115.0 100 $a20010206d1880 |||||ita|0103 ba 101 $aita 102 $aIT 200 1 $aDiscorso sulla politica estera del deputato P. S. Mancini pronunziato alla Camera dei deputati nella 2° tornata del 19 marzo 1880 210 $aRoma$cTipografia Eredi Botta$d1880 215 $a48 p.$d29 cm 700 1$aMancini$b, Pasquale Stanislao$3AF00004597$4070$0446854 801 0$aIT$bUNISOB$c20230726$gRICA 850 $aUNISOB 852 $aUNISOB$j340|Coll|5|K$m53259 912 $aSOB0000001449 940 $aM 102 Monografia moderna SBN 941 $aM 957 $a340|Coll|5|K$b000014$gSI$d53259$rACQUISTO$1Alfano$2UNISOB$3UNISOB$420230704095130.0$520230726094101.0$6Alfano$fFotocopia dell'originale 996 $aDiscorso sulla politica estera del deputato P. S. Mancini pronunziato alla Camera dei deputati nella 2° tornata del 19 marzo 1880$91678736 997 $aUNISOB LEADER 02352nam2 22004573i 450 001 RAV0036841 005 20231121125625.0 010 $a8808011704 010 $a9788808011701 020 $aIT$b839742 100 $a20010529d1983 ||||0itac50 ba 101 | $aita 102 $ait 181 1$6z01$ai $bxxxe 182 1$6z01$an 200 0 $a3: I-N$fManlio Cortelazzo, Paolo Zolli 210 $aBologna$cZanichelli$d1983 215 $aXXI, P. 538-815$d25 cm 300 $aIn custodia. 461 1$1001CFI0012913$12001 $aDizionario etimologico della lingua italiana$fManlio Cortelazzo, Paolo Zolli$v3 700 1$aCortelazzo$b, Manlio$3CFIV007667$036314 701 1$aZolli$b, Paolo$3CFIV009410$09754 801 3$aIT$bIT-01$c20010529 850 $aIT-RM0289 $aIT-RM0290 $aIT-RM0281 $aIT-RM0418 $aIT-RM0285 $aIT-RM0211 $aIT-RM0460 $aIT-RM0314 $aIT-RM1163 $aIT-RM1647 $aIT-FR0017 $aIT-RM0574 899 $aBiblioteca Statale A. Baldini$bRM0289 899 $aBIBLIOTECA ANGELICA$bRM0290 899 $aBIBLIOTECA VALLICELLIANA$bRM0281 899 $aBIBLIOTECA ACCADEMIA NAZ. DEI LINCEI E CORSINIANA$bRM0418 899 $aBiblioteca Dell'Istituto Nazionale Di Studi Romani$bRM0285 899 $aFondazione Marco Besso$bRM0211 899 $aBiblioteca Dell' Archivio Centrale Dello Stato$bRM0460 899 $aBiblioteca delle Infrastrutture e della mobilità sostenibili$bRM0314 899 $aIstituto Centrale Restauro Conservazione Patrimonio Archivistico Librario$bRM1163 899 $aBIBLIOTECA DEL CASTELLO DELLA CECCHIGNOLA$bRM1647 899 $aBiblioteca umanistica Giorgio Aprea$bFR0017 899 $aBiblioteca del Consiglio nazionale dell'economia e del lavoro$bRM0574 912 $aRAV0036841 950 2$aBiblioteca umanistica Giorgio Aprea$d 52S.L. 450.03 DELI* 3$e 52FSS0000036555 VMB RS $fC $h20120924$i20120924$d 52S.L. 452.03 DELI 3$e 52MAG0000188835 VMN RS $fC $h20120924$i20120924 977 $a 04$a 06$a 08$a 10$a 13$a 14$a 27$a 31$a 36$a 46$a 52$a 61 996 $aI-N$91405394 997 $aUNICAS